[Event "Bretagne-ch U14"]
[Site "Ploermel"]
[Date "2007.02.14"]
[Round "2"]
[White "Ben Khelil, Naim"]
[Black "Hamidi, Adam"]
[Result "1-0"]
[WhiteElo "1560"]
[BlackElo "1450"]
[PlyCount "129"]
[EventDate "2007.02.13"]
[EventType "tourn"]
[EventRounds "6"]
[EventCountry "FRA"]
[SourceTitle "EXT 2008"]
[Source "ChessBase"]
[SourceDate "2007.11.25"]
[SourceVersion "1"]
[SourceVersionDate "2007.11.25"]
[SourceQuality "1"]

1. e4 e5 2. Nf3 Nc6 3. Bb5 Nf6 4. 0-0 d6 5. Nc3 Bg4 6. h3 Bh5 7. b3 a6 8. Bxc6+ bxc6 9. Bb2 Qd7 10. Re1 g5 11. d4 g4 12. hxg4 Qxg4 13. Ne2 Rg8 14. Ng3 Bh6 15. Bc1 Bf4 16. dxe5 dxe5 17. Bxf4 exf4 18. e5 Nd5 19. c4 Nc3 20. Qd4 Rd8 21. Qxc3 fxg3 22. Qc2 gxf2+ 23. Qxf2 Qxf3 24. Rf1 Qxf2+ 25. Rxf2 Rd3 26. Re1 Kd8 27. e6 fxe6 28. Rxe6 Rg6 29. Re5 Rh6 30. Rf8+ Kd7 31. Rff5 Rd1+ 32. Kf2 Rd2+ 33. Ke1 Rd1+ 34. Kf2 Bg6 35. Rf6 Rh5 36. Re3 Rf5+ 37. Rxf5 Bxf5 38. Re5 Bg6 39. Ke2 Ra1 40. Ra5 Bh5+ 41. Rxh5 Rxa2+ 42. Kf1 Ke6 43. Rxh7 Kd6 44. g4 Ra3 45. b4 Ra4 46. c5+ Kd5 47. g5 Rxb4 48. Rxc7 Rg4 49. Rg7 Kxc5 50. Kf2 a5 51. Kf3 Rg1 52. Kf2 Rc1 53. g6 a4 54. Ra7 Rc2+ 55. Kf3 Rc3+ 56. Kf4 Rc4+ 57. Kf5 Kb6 58. g7 Rc5+ 59. Kf6 Kxa7 60. g8Q a3 61. Qa2 Ra5 62. Ke6 c5 63. Kd5 Kb6 64. Qb3+ Ka6 65. Kc6 1-0

[Event "Bretagne-ch U14"]
[Site "Ploermel"]
[Date "2007.02.13"]
[Round "1"]
[White "Le Gallic, Renan"]
[Black "Ben Khelil, Naim"]
[Result "1-0"]
[WhiteElo "1830"]
[BlackElo "1560"]
[PlyCount "43"]
[EventDate "2007.02.13"]
[EventType "tourn"]
[EventRounds "6"]
[EventCountry "FRA"]
[SourceTitle "EXT 2008"]
[Source "ChessBase"]
[SourceDate "2007.11.25"]
[SourceVersion "1"]
[SourceVersionDate "2007.11.25"]
[SourceQuality "1"]

1. e4 e5 2. Nf3 Nc6 3. Bc4 Nf6 4. Ng5 d5 5. exd5 Nxd5 6. Nxf7 Kxf7 7. Qf3+ Ke6 8. Nc3 Ncb4 9. 0-0 c6 10. a3 Nxc2 11. Rb1 b5 12. Ba2 Nd4 13. Qe4 Bb7 14. f4 Qf6 15. fxe5 Qxe5 16. Re1 Bd6 17. Qg4+ Nf5 18. Rxe5+ Bxe5 19. b4 Rhf8 20. Bb2 Rf6 21. Re1 Rg6 22. Qe2 1-0

[Event "Hennebont Grand Prix U14"]
[Site "Hennebont"]
[Date "2006.08.06"]
[Round "2"]
[White "Ben Khelil, Naim"]
[Black "Jegouzo, Axel"]
[Result "1-0"]
[WhiteElo "1650"]
[BlackElo "1100"]
[PlyCount "57"]
[EventDate "2006.08.06"]
[EventType "swiss"]
[EventRounds "7"]
[EventCountry "FRA"]
[SourceTitle "EXT 2008"]
[Source "ChessBase"]
[SourceDate "2007.11.25"]
[SourceVersion "1"]
[SourceVersionDate "2007.11.25"]
[SourceQuality "1"]

1. e4 e5 2. Nf3 Nc6 3. Bb5 Nf6 4. 0-0 d6 5. Nc3 Bg4 6. h3 Bh5 7. d4 Be7 8. d5 0-0 9. dxc6 bxc6 10. Bxc6 Rb8 11. Na4 a5 12. Be3 Rb4 13. a3 Rxa4 14. Bxa4 d5 15. exd5 Nxd5 16. c4 Nxe3 17. fxe3 Qxd1 18. Raxd1 Bxf3 19. Rxf3 Bc5 20. Rd5 Bd6 21. c5 Be7 22. Rxe5 Bh4 23. Re4 Be1 24. b4 axb4 25. axb4 Ra8 26. c6 Bxb4 27. Rxb4 h6 28. Bc2 Ra2 29. Rb8# 1-0

[Event "Hennebont Grand Prix U14"]
[Site "Hennebont"]
[Date "2006.08.06"]
[Round "5"]
[White "Deslias, Gregoire"]
[Black "Ben Khelil, Naim"]
[Result "0-1"]
[WhiteElo "1620"]
[BlackElo "1650"]
[PlyCount "84"]
[EventDate "2006.08.06"]
[EventType "swiss"]
[EventRounds "7"]
[EventCountry "FRA"]
[SourceTitle "EXT 2008"]
[Source "ChessBase"]
[SourceDate "2007.11.25"]
[SourceVersion "1"]
[SourceVersionDate "2007.11.25"]
[SourceQuality "1"]

1. d4 d5 2. c4 e6 3. Nc3 Nc6 4. Nf3 Nf6 5. Bg5 Be7 6. e3 h6 7. Bf4 0-0 8. Bd3 b6 9. 0-0 Bb7 10. Nb5 Rc8 11. Re1 a6 12. Nc3 Nb4 13. Be2 c5 14. a3 Nc6 15. Qb3 Na5 16. Qa2 dxc4 17. b4 cxb4 18. axb4 Bxb4 19. Qb2 Nd5 20. Nxd5 Bxe1 21. Nxb6 c3 22. Qb4 c2 23. Qxe1 Qxb6 24. e4 Nb3 25. Ne5 Qxd4 26. Nd3 Qxa1 27. Qxa1 Nxa1 28. Kf1 Nb3 29. Nc1 Nxc1 30. Bxc1 Bxe4 31. Bxa6 Ra8 32. Bb5 Ra1 33. Ke2 Rxc1 34. Bd3 Bxd3+ 35. Kxd3 Rc8 36. Kd2 Rh1 37. h4 c1Q+ 38. Ke2 Re1+ 39. Kf3 Rc3+ 40. Kg4 Re4+ 41. f4 Qxf4+ 42. Kh5 g6# 0-1